FS Vagonár nás piesňou a tancom previedol Spišom

Bibliographic Details
Format: Article
Language:Slovak
PhysicalDescription:Fotogr.
Subjects:

MARC

LEADER 00000nab a2200000 a 4500
001 vtls010487034
003 SK-MaSNL
005 20260303090232.0
008 171109 2012 xo m 000 0 slo
038 |a PPPK 
040 |a PPPKCL  |b slo  |c PPPK  |e AACR2 
041 0 |a slo 
044 |a xo  |c SK 
080 |a 7.071:398  |2 2001 
245 0 0 |a FS Vagonár nás piesňou a tancom previedol Spišom 
300 |b Fotogr. 
500 |a Autor a fotograf článku nie sú uvedení. 
610 2 7 |a Vagonár (folklórny súbor)  |2 pppkcl  |9 163856 
648 7 |a 16.-17.11.2012  |2 pppkcl  |9 1096877 
648 7 |a 40. výročie  |2 pppkcl  |9 1049676 
650 0 7 |a kultúra  |2 snkbucl  |9 886 
650 0 7 |a folklórne súbory  |2 pppkcl  |9 28685 
650 0 7 |a galaprogramy  |2 pppkcl  |9 886100 
651 7 |a Poprad (Slovensko)  |2 pppkcl  |9 20155 
773 0 |t Vagonár : mesačník spoločnosti Tatravagónka Poprad  |g Roč. XI, č. 11 (2012), s. 8-9 
852 |a PPPK  |b KIS3GCP 
999 |c 1802425  |d 1804355